Psicología social: un compromiso aplicado a la salud

Guardat en:
Dades bibliogràfiques
Autor principal: Gil Lacruz, Marta (Autor)
Format: Llibre
Idioma:espanyol
Publicat: Zaragoza Prensas Universitarias de Zaragoza 2007
Edició:1a. ed
Matèries:
Etiquetes: Afegir etiqueta
Sense etiquetes, Sigues el primer a etiquetar aquest registre!

MARC

LEADER 00000cam a2200000 a 4500
001 UCC0494
003 CL-VaPUC
008 170818e20070000sp |||||||||||||||||spa|d
020 |a 9788477338857 
082 0 4 |a 302  |b GIL  |2 21 
100 |a Gil Lacruz, Marta  |e author  |9 594501 
245 1 0 |a Psicología social: un compromiso aplicado a la salud 
250 |a 1a. ed 
300 |a 491 p 
942 |c BK 
945 |d 20170818 15:36:00  |a dcastane 
260 |a Zaragoza  |b Prensas Universitarias de Zaragoza  |c 2007 
650 0 |a Psicología social   |9 222894 
650 0 |a Psicología aplicada   |9 270762 
650 0 |a Salud  |9 258663 
583 |a last modification  |c 20170818 15:36:00  |k Rodrigo Vera 
999 |c 369323  |d 369321 
952 |0 0  |1 0  |3 erb  |4 0  |6 302_000000000000000_GIL_2007  |7 0  |8 A  |9 485072  |a BIBEDU  |b BIBEDU  |i 5414857  |o 302 GIL 2007  |p 5414857  |r 2019-11-24  |w 2019-11-24  |y BK  |z Catalogado en:20170818  |k PSI